000 00889nas a2200253 454500
001 25596
005 20260407193506.0
008 260407s1925####ag###########|||spa#d
003 AR-UNSa-BCEJYS
040 _aAR-UNSa-BCEJYS
_bspa
_cAR-UNSa-BCEJYS
080 _a330
_xEconomía en general
245 1 0 _aAnales de la Academia Nacional de Ciencias Económicas
022 _a0567-5804
264 1 _aBuenos Aires :
_bAcademia Nacional de Ciencias Económicas
_c1925
310 _aFrecuencia: Anual
942 _cSER
590 _aniveau_biblio:s niveau_hierar:1
100 1 _aAcademia Nacional de Ciencias Económicas
650 _aInflación
650 _aCrecimiento económico
650 _aHistoria económica
650 _aECONOMIA
856 4 1 _uhttps://biblioeco.unsa.edu.ar/pmb/images/revistas/ANALES de la Academia Nacional de Ciencias Econ?micas.jpg
_yImagen de portada
_qimage/jpeg
999 _c8594
_d8594